| Record ID | ia:imperialists00long |
| Source | Internet Archive |
| Download MARC XML | https://archive.org/download/imperialists00long/imperialists00long_marc.xml |
| Download MARC binary | https://www.archive.org/download/imperialists00long/imperialists00long_meta.mrc |
LEADER: 00847nam a22002533a 4500
001 98818422
003 DLC
005 20100813215342.0
008 900521s1990 nyu 000 1 eng d
035 $a(OCoLC)ocm21566380
010 $a 98818422
020 $a0440206480 (pbk.) :$c$4.95
040 $aBPL$cBPL$dSLC$dOCLCQ$dDLC
050 00 $aCPB Box no. 1326 vol. 1
100 1 $aLong, William Stuart.
245 14 $aThe imperialists /$cWilliam Stuart Long.
260 $aCanaan, N.Y. :$bBook Creations Inc. ;$aNew York :$bDell Pub. Co.,$cc1990.
300 $a486 p. :$bgeneal. table, map ;$c17 cm.
490 1 $aThe Australians ;$v12
500 $a"A Dell Book."
655 7 $aHistorical fiction.$2gsafd
655 7 $aSuspense fiction.$2gsafd
655 7 $aAdventure fiction.$2gsafd
710 2 $aCopyright Paperback Collection (Library of Congress)$5DLC